<A> Simple model of an international lender of last resort

Saved in:
Bibliographic Details
Main Author: Goodhart, Charles A.E
Other Authors: Huang, Haizhou
Format: Book
Language:English
Published: Washington International Monetary Fund 2000
Series:IMF Working Paper WP/00/75
Subjects:
Tags: Add Tag
No Tags, Be the first to tag this record!

MARC

LEADER 00000nam a2200000 4500
001 c124241
005 20221221083604.5
041 0 |a eng 
044 |a US 
245 1 0 |a <A> Simple model of an international lender of last resort  |c Charles A.E. Goodhart and Haizhou Huang 
264 1 |a Washington  |b International Monetary Fund  |c 2000 
300 |a 13 s. 
490 1 |a IMF Working Paper  |v WP/00/75 
830 0 |a IMF Working Paper  |v WP/00/75 
610 2 0 |a veritelia 
610 2 0 |a kríza banková 
610 2 0 |a kríza menová 
610 2 0 |a banky centrálne 
100 1 |a Goodhart, Charles A.E. 
700 1 |a Huang, Haizhou